000
00325nam a2200133Ia 4500
008
230411s9999 xx 000 0 und d
041
_a
eng
082
_a
SO/301/POT/B04811
100
_a
Pothen K P
245
_a
Sociology for Nurses
260
_b
N R Brothers
_a
Indore
_c
2004
300
_a
268p
999
_c
155410
_d
155410